书目信息 |
| 题名: |
白话唐史
|
|
| 作者: | 博文 编著 | |
| 分册: | ||
| 出版信息: | 北京 中国华侨出版社 2016 |
|
| 页数: | 405页 | |
| 开本: | 25cm | |
| 丛书名: | ||
| 单 册: | ||
| 中图分类: | K242.09 | |
| 科图分类: | ||
| 主题词: | 唐代--tang dai--历史--通俗读物 | |
| 电子资源: | ||
| ISBN: | 978-7-5113-6089-2 | |
| 000 | 00781nam0 22002411 450 | |
| 001 | 0120081957 | |
| 005 | 20170320081957.0 | |
| 010 | @a978-7-5113-6089-2@b精装@dCNY59.00 | |
| 100 | @a20161116d2016 em y0chiy50 ea | |
| 101 | 0 | @achi |
| 102 | @aCN@b110000 | |
| 105 | @ay z 000yy | |
| 106 | @ar | |
| 200 | 1 | @a白话唐史@9bai hua tang shi@f博文编著 |
| 210 | @a北京@c中国华侨出版社@d2016 | |
| 215 | @a405页@d25cm | |
| 300 | @a全民阅读提升版 | |
| 330 | @a本书讲述了唐朝从建立到灭亡的近300年历史,涵盖了唐朝版图疆域、行政区划、人口、官制、军事、农业、冶铁业、商业、文化、宗教、思想等各个领域的内容。 | |
| 606 | 0 | @a唐代@9tang dai@x历史@j通俗读物 |
| 690 | @aK242.09@v5 | |
| 701 | 0 | @a博文@9bo wen@4编著 |
| 801 | 0 | @aCN@bTANGWEI@c20170308 |
| 905 | @b0954918-20@dK242.09@e27@f3 | |
| 白话唐史/博文编著.-北京:中国华侨出版社,2016 |
| 405页;25cm |
| 全民阅读提升版 |
| ISBN 978-7-5113-6089-2(精装):CNY59.00 |
| 本书讲述了唐朝从建立到灭亡的近300年历史,涵盖了唐朝版图疆域、行政区划、人口、官制、军事、农业、冶铁业、商业、文化、宗教、思想等各个领域的内容。 |
| ● |
| 相关链接 |
|
|
|
|
正题名:白话唐史
索取号:K242.09/27
 
预约/预借
| 序号 | 登录号 | 条形码 | 馆藏地/架位号 | 状态 | 备注 |
| 1 | 0954918 | 209549185 | 第二样本阅览室/ [索取号:K242.09/27] | 在馆 | |
| 2 | 0954919 | 209549194 | 第二借阅区/ [索取号:K242.09/27] | 在馆 | |
| 3 | 0954920 | 209549201 | 第二借阅区/ [索取号:K242.09/27] | 在馆 |